书目信息 |
| 题名: |
燃气场站安全管理
|
|
| 作者: | 花景新 主编 | |
| 分册: | ||
| 出版信息: | 北京 化学工业出版社 2007.07 |
|
| 页数: | 170页 | |
| 开本: | 24cm | |
| 丛书名: | 燃气工程管理与技术丛书 | |
| 单 册: | ||
| 中图分类: | TU996.9 | |
| 科图分类: | ||
| 主题词: | 城市--cheng shi--燃料气--安全管理 | |
| 电子资源: | ||
| ISBN: | 978-7-122-00356-0 | |
| 000 | 00968nam 2200265 450 | |
| 001 | 012008726992 | |
| 005 | 20080507084950.54 | |
| 010 | @a978-7-122-00356-0@dCNY28.00 | |
| 100 | @a20080507d2007 em y0chiy0120 ea | |
| 101 | 0 | @achi |
| 102 | @aCN@b110000 | |
| 105 | @ay a 000yy | |
| 106 | @ar | |
| 200 | 1 | @a燃气场站安全管理@Aran qi chang zhan an quan guan li@f花景新主编@Fhua jing xin zhu bian |
| 210 | @a北京@c化学工业出版社@d2007.07 | |
| 215 | @a170页@d24cm | |
| 225 | 2 | @a燃气工程管理与技术丛书@Aran qi gong cheng guan li yu ji shu cong shu |
| 320 | @a有书目 | |
| 330 | @a本书主要讲述城市燃气的基本知识、防火防爆基本知识、人工煤气场站的安全管理、液化石油气场站的安全管理、天然气场站的安全管理、城市燃气加气站的安全管理。 | |
| 410 | 0 | @12001 @a燃气工程管理与技术丛书 |
| 606 | 0 | @a城市@Acheng shi@x燃料气@x安全管理 |
| 690 | @aTU996.9@v4 | |
| 701 | 0 | @a花景新@Ahua jing xin@4主编 |
| 801 | 0 | @aCN@bQSSK@c20080507 |
| 905 | @b706156-58@dTU996.9@eH647@f3 | |
| 燃气场站安全管理/花景新主编.-北京:化学工业出版社,2007.07 |
| 170页;24cm.-(燃气工程管理与技术丛书) |
| ISBN 978-7-122-00356-0:CNY28.00 |
| 本书主要讲述城市燃气的基本知识、防火防爆基本知识、人工煤气场站的安全管理、液化石油气场站的安全管理、天然气场站的安全管理、城市燃气加气站的安全管理。 |
| ● |
| 相关链接 |
|
|
|
正题名:燃气场站安全管理
索取号:TU996.9/H647
 
预约/预借
| 序号 | 登录号 | 条形码 | 馆藏地/架位号 | 状态 | 备注 |
| 1 | 706156 | 207061560 | 建筑库201/201建筑库 138排1列4层/ [索取号:TU996.9/H647] | 在馆 | |
| 2 | 706157 | 207061579 | 建筑库201/201建筑库 138排1列4层/ [索取号:TU996.9/H647] | 在馆 | |
| 3 | 706158 | 207061588 | 建筑库201/201建筑库 138排1列4层/ [索取号:TU996.9/H647] | 在馆 |